大阪国税局の税務署 - Statistics

General Stats
  • This quiz has been taken 43 times
  • The average score is 52 of 83
Answer Stats
Hint 税務署名 % Correct
宇治
97%
97%
大津
94%
西
94%
彦根
92%
舞鶴
92%
西宮
92%
奈良
92%
草津
89%
長浜
89%
福知山
89%
89%
姫路
89%
田辺
89%
86%
86%
豊岡
86%
和歌山
86%
岸和田
83%
吹田
83%
枚方
83%
加古川
83%
新宮
83%
近江八幡
81%
伏見
81%
東大阪
81%
明石
81%
尼崎
81%
神戸
81%
泉佐野
78%
兵庫県 相生
78%
茨木
75%
八尾
75%
芦屋
75%
上京
72%
左京
72%
下京
72%
中京
72%
伊丹
72%
京都府 右京
69%
69%
柏原
67%
門真
64%
天王寺
61%
西成
61%
宮津
58%
東成
58%
東淀川
58%
洲本
58%
園部
56%
住吉
56%
富田林
56%
須磨
56%
西脇
56%
桜井
56%
御坊
56%
阿倍野
53%
泉大津
53%
西淀川
50%
吉野
47%
三木
44%
和歌山県 海南
44%
東山
42%
生野
42%
42%
大阪府
39%
浪速
39%
東住吉
39%
龍野
36%
兵庫
36%
水口
33%
城東
33%
長田
33%
和田山
31%
滋賀県 今津
28%
湯浅
25%
奈良県 葛城
22%
大淀
19%
豊能
19%
粉河
14%
峰山
11%
大阪福島
11%
11%
No matching quizzes found
Score Distribution
Percent of People with Each Score
Percentile by Number Answered
Your Score History
You have not taken this quiz